Представление документа в формате MARC21

Поле Инд. ПП Название Значение
Тип записи a
Библиографический уровень b
001 Контрольный номер RU/IS/BASE/329235042
005 Дата корректировки 20200610181754.4
008 Кодируемые данные 20100607
040 b Код языка каталог. rus
e Правила каталог. PSBO
041 0_ a Код языка текста rus
084 a Индекс другой классификации/Индекс ББК 87.25; 26.3в
100 1_ a Автор Салин Ю. С.
q Полное имя Салин Юрий Сергеевич
245 10 a Заглавие Гносеологический релятивизм категории времени
504 a Библиография Библиогр. - Примеч.: с. 78 - 79
650 04 a Основная рубрика геология
a Основная рубрика естествознание
a Основная рубрика науки о Земле
a Основная рубрика философия
a Основная рубрика философия науки
653 0_ a Ключевые слова время
a Ключевые слова геологическое время
a Ключевые слова познание
a Ключевые слова релятивизм
773 08 t Заглавие источника Вопросы философии
d Дата издания источника 2010
g Прочая информация № 3. - С. 66 - 79
w Контрольный № источника RU/IS/BASE/322678209
901 t Тип документа b